Mid term review (Record no. 103822)
[ view plain ]
| 000 -LEADER | |
|---|---|
| fixed length control field | 02252cam a2200625 4500 |
| 001 - CONTROL NUMBER | |
| control field | J127753 |
| 008 - FIXED-LENGTH DATA ELEMENTS--GENERAL INFORMATION | |
| fixed length control field | 041019n2004 000 0 eng u |
| 035 ## - SYSTEM CONTROL NUMBER | |
| System control number | (Sirsi) u127753 |
| 041 ## - LANGUAGE CODE | |
| Language code of text/sound track or separate title | eng |
| 050 ## - LIBRARY OF CONGRESS CALL NUMBER | |
| Classification number | 338.181 |
| -- | 18 |
| 100 ## - MAIN ENTRY--PERSONAL NAME | |
| Personal name | Moody, Jeremy |
| 245 ## - TITLE STATEMENT | |
| Title | Mid term review |
| Remainder of title | a practical guide |
| 260 ## - PUBLICATION, DISTRIBUTION, ETC. | |
| Place of publication, distribution, etc. | [S.l.] |
| Name of publisher, distributor, etc. | Burges Salmon Solicitors |
| Date of publication, distribution, etc. | 2004 |
| 300 ## - PHYSICAL DESCRIPTION | |
| Extent | 300p. |
| Dimensions | 21cm. |
| 350 ## - PRICE (NR) (BK AM CF MU VM SE) [OBSOLETE] | |
| Price | 40 |
| 505 ## - FORMATTED CONTENTS NOTE | |
| Formatted contents note | The Common Agricultural Policy to 2004 |
| 505 ## - FORMATTED CONTENTS NOTE | |
| Formatted contents note | An overview of the new regime |
| 505 ## - FORMATTED CONTENTS NOTE | |
| Formatted contents note | The new marketplace |
| 505 ## - FORMATTED CONTENTS NOTE | |
| Formatted contents note | The general framework |
| 505 ## - FORMATTED CONTENTS NOTE | |
| Formatted contents note | Farmers' access to the Single Payment |
| 505 ## - FORMATTED CONTENTS NOTE | |
| Formatted contents note | The historic reference amount |
| 505 ## - FORMATTED CONTENTS NOTE | |
| Formatted contents note | The National Reserve |
| 505 ## - FORMATTED CONTENTS NOTE | |
| Formatted contents note | General reductions in the Single Payment |
| 505 ## - FORMATTED CONTENTS NOTE | |
| Formatted contents note | Unlocking the payment - making entitlement against land |
| 505 ## - FORMATTED CONTENTS NOTE | |
| Formatted contents note | Applications under the Single Payment Scheme |
| 505 ## - FORMATTED CONTENTS NOTE | |
| Formatted contents note | Integrated Administration and Control Systems (IACS) |
| 505 ## - FORMATTED CONTENTS NOTE | |
| Formatted contents note | Payment |
| 505 ## - FORMATTED CONTENTS NOTE | |
| Formatted contents note | Retaining entitlement: use it or lose it |
| 505 ## - FORMATTED CONTENTS NOTE | |
| Formatted contents note | Transferring entitlement |
| 505 ## - FORMATTED CONTENTS NOTE | |
| Formatted contents note | Other kinds of entitlement |
| 505 ## - FORMATTED CONTENTS NOTE | |
| Formatted contents note | Supplementary Aid Schemes |
| 505 ## - FORMATTED CONTENTS NOTE | |
| Formatted contents note | Cross compliance |
| 505 ## - FORMATTED CONTENTS NOTE | |
| Formatted contents note | Farm Advisory System |
| 505 ## - FORMATTED CONTENTS NOTE | |
| Formatted contents note | Options across Europe |
| 505 ## - FORMATTED CONTENTS NOTE | |
| Formatted contents note | Other CAP reforms |
| 505 ## - FORMATTED CONTENTS NOTE | |
| Formatted contents note | Conveyancing issues: farmland and entitlement |
| 505 ## - FORMATTED CONTENTS NOTE | |
| Formatted contents note | Landlord and tenant issues |
| 505 ## - FORMATTED CONTENTS NOTE | |
| Formatted contents note | Taxation |
| 505 ## - FORMATTED CONTENTS NOTE | |
| Formatted contents note | The future of CAP after the Mid Term Review |
| 505 ## - FORMATTED CONTENTS NOTE | |
| Formatted contents note | Appendix one: List of Agricultural Products (Treaty of Rome) |
| 505 ## - FORMATTED CONTENTS NOTE | |
| Formatted contents note | Appendix two: Council Regulation (EC) 1782/2003 |
| 520 ## - SUMMARY, ETC. | |
| Summary, etc. | The Mid Term Review is bringing about the most significant reform in the history of the Common Agricultural Policy (CAP). This book aims to help practitioners understand and respond to the changes. |
| 650 ## - SUBJECT ADDED ENTRY--TOPICAL TERM | |
| Topical term or geographic name entry element | CAP REFORM |
| 650 ## - SUBJECT ADDED ENTRY--TOPICAL TERM | |
| Topical term or geographic name entry element | REGULATION (EC) 1782/2003 |
| 650 ## - SUBJECT ADDED ENTRY--TOPICAL TERM | |
| Topical term or geographic name entry element | COMMON AGRICULTURAL POLICY |
| 650 ## - SUBJECT ADDED ENTRY--TOPICAL TERM | |
| Topical term or geographic name entry element | SINGLE PAYMENT SCHEME |
| 650 ## - SUBJECT ADDED ENTRY--TOPICAL TERM | |
| Topical term or geographic name entry element | EUROPE |
| 650 ## - SUBJECT ADDED ENTRY--TOPICAL TERM | |
| Topical term or geographic name entry element | FARMERS |
| 690 ## - LOCAL SUBJECT ADDED ENTRY--TOPICAL TERM (OCLC, RLIN) | |
| Topical term or geographic name as entry element | RURAL-AGRICULTURE AND FORESTRY |
| 700 ## - ADDED ENTRY--PERSONAL NAME | |
| Personal name | Neville, William |
| 700 ## - ADDED ENTRY--PERSONAL NAME | |
| Personal name | Morrison, Alastair |
| 700 ## - ADDED ENTRY--PERSONAL NAME | |
| Personal name | Johnstone, Michael |
| 700 ## - ADDED ENTRY--PERSONAL NAME | |
| Personal name | Hewitt, Tom |
| 942 ## - ADDED ENTRY ELEMENTS (KOHA) | |
| Suppress in OPAC | 0 |
| Withdrawn status | Lost status | Source of classification or shelving scheme | Damaged status | Not for loan | Home library | Current library | Shelving location | Date acquired | Cost, normal purchase price | Total Checkouts | Full call number | Barcode | Date last seen | Date last checked out | Copy number | Cost, replacement price | Price effective from | Koha item type |
|---|---|---|---|---|---|---|---|---|---|---|---|---|---|---|---|---|---|---|
| Other/Generic Classification Scheme | London | London | Books | 29/11/2004 | 40.00 | 9 | 338.181 MOO | 30069649 | 06/08/2019 | 23/07/2007 | 1 | 40.00 | 06/08/2019 | Book |